| 000 | 01059nam a22002657a 4500 | ||
|---|---|---|---|
| 001 | 240035 | ||
| 003 | DO-SdBNP | ||
| 005 | 20180131124935.0 | ||
| 007 | 240035 | ||
| 008 | 160328b 1997 nyu ||||| |||| 00| 0 spa d | ||
| 020 | _a0590849069 | ||
| 040 |
_aBPMSU _bspa _cBPMSU |
||
| 092 |
_axxxxx _bxxxxx |
||
| 100 | 1 | _aDadey, Debbie | |
| 245 | 1 | 0 |
_aMermaids don't run track / _cby Debbie Dadey and Marcia Thornton Jones ; illustrated by John Steven Gurney. |
| 260 |
_aNew York : _bScholastic, _c1997. |
||
| 300 |
_a72 p. : _bil. ; _c20 cm. |
||
| 500 | _aA Little Apple paperback. | ||
| 505 | 0 |
_a
_tThrow Your Teacher Overboard -- _tStaying Alive -- _tCrazy Idea -- _tBarrel of Slugs -- _tDead Ringer -- _tMermaids Curse -- _tNight Music -- _tFairy Tale -- _tHowling at the Moon -- _tFortune-telling -- _tVictory Song -- _tThe End of Camp Lone Wolf -- _tOther Fish to Fry. |
|
| 700 | 1 | _aThornton Jones, Marcia | |
| 700 | 1 | 2 |
_aSteven Gurney, John, _eil. |
| 942 |
_2ddc _cBK |
||
| 945 | _aInventariado, 2018 /LP | ||
| 956 |
_2LOPEREZ _310 _620160525 _8BPMSU _a00041 |
||
| 999 |
_c9390 _d9390 |
||